Hospodárska spolupráca EÚ s regiónom Strednej Ázie

Zahraničnoobchodná politika a význam regiónu Strednej Ázie z obchodného hľadiska pre Európsku úniu v kontexte čínskeho zámeru budovania takzvanej Novej hodvábnej cesty.

Gespeichert in:
Bibliographische Detailangaben
1. Verfasser: Drieniková, Kristína, 1982-
Format: Buchkapitel
Sprache:Slowakisch
Schlagworte:
Tags: Tag hinzufügen
Keine Tags, Fügen Sie das erste Tag hinzu!

MARC

LEADER 00000naa$a2200000$$$4500
001 0226250
005 20240502073722.2
041 0 |a slo 
044 |a SK 
245 1 0 |a Hospodárska spolupráca EÚ s regiónom Strednej Ázie  |c Kristína Drieniková 
520 |a Zahraničnoobchodná politika a význam regiónu Strednej Ázie z obchodného hľadiska pre Európsku úniu v kontexte čínskeho zámeru budovania takzvanej Novej hodvábnej cesty. 
610 2 0 |a politika zahraničnohospodárska 
610 2 0 |a vzťahy hospodárske medzinárodné 
610 2 0 |a vzťahy obchodné 
610 2 0 |a politika bezpečnostná 
610 2 0 |a únie hospodárske 
610 2 0 |a Európska únia 
610 2 0 |a stredná Ázia 
100 1 |a Drieniková, Kristína, 1982-